[Event "March TNT"]
[Site "Winnipeg CAN"]
[Date "2010.03.23"]
[Round "4"]
[White "Trueman, Francis"]
[Black "Einarsson, Ken"]
[Result "0-1"]
[WhiteElo "1508"]
[BlackElo "1782"]
[PlyCount "50"]
[EventDate "2010.03.02"]
[EventType "swiss"]
[EventRounds "4"]
[EventCountry "CAN"]

1. Nf3 d5 2. d3 c5 3. g3 Nc6 4. Bg2 e5 5. Nbd2 Nf6 6. O-O Be7 7. Re1 O-O 8. e4
d4 9. c3 Bg4 10. Qc2 Rc8 11. a4 Re8 12. Nc4 Qc7 13. h4 h6 14. Nh2 Be6 15. Nd2
Red8 16. Ndf1 c4 17. f4 cxd3 18. Qf2 dxc3 19. bxc3 Na5 20. Nd2 Bc5 21. Re3 Bxe3
22. Qxe3 Qxc3 23. Rb1 Ba2 24. Bb2 exf4 25. Qxf4 Qc5+ 0-1

[Event "March of Kings"]
[Site "Calgary CAN"]
[Date "2010.03.06"]
[Round "1.1"]
[White "Razzaq, Ali"]
[Black "Haessel, Dale"]
[Result "0-1"]
[WhiteElo "1836"]
[BlackElo "2274"]
[PlyCount "78"]
[EventDate "2010.03.06"]
[EventType "swiss"]
[EventRounds "5"]
[EventCountry "CAN"]

1. d4 Nf6 2. c4 g6 3. Nc3 d5 4. e3 Bg7 5. Qb3 dxc4 6. Bxc4 O-O 7. Nf3 Nc6 8.
Be2 b6 9. O-O Bb7 10. Bd2 Nd7 11. Rac1 e5 12. d5 Nc5 13. Qa3 Ne7 14. e4 c6 15.
Be3 cxd5 16. Bxc5 bxc5 17. Nxd5 Nxd5 18. exd5 e4 19. Nd2 Qxd5 20. Nb3 Rfc8 21.
Rxc5 Rxc5 22. Qxc5 Bxb2 23. Rd1 Qxc5 24. Nxc5 Bc6 25. Rd6 Rc8 26. Rd2 Be5 27.
Nb3 Kf8 28. Rc2 Bb7 29. Rxc8+ Bxc8 30. Nc5 f5 31. g4 Bd6 32. Na4 fxg4 33. Nc3
Bf5 34. Nd5 h5 35. Nc3 Ke7 36. Nb5 Bc5 37. Kg2 a5 38. Kg3 Kf6 39. Nc7 Bd6+ 0-1

[Event "March of Kings"]
[Site "Calgary CAN"]
[Date "2010.03.06"]
[Round "1.2"]
[White "Kaminski, Thomas"]
[Black "Persaud, Hemant"]
[Result "1-0"]
[WhiteElo "2226"]
[BlackElo "1754"]
[PlyCount "100"]
[EventDate "2010.03.06"]
[EventType "swiss"]
[EventRounds "5"]
[EventCountry "CAN"]

1. c4 Nf6 2. Nc3 g6 3. g3 Bg7 4. Bg2 O-O 5. d4 d6 6. Nf3 c6 7. O-O Nbd7 8. e4
e5 9. Re1 Qc7 10. h3 a6 11. a4 Ne8 12. Be3 f5 13. Qd2 Nb6 14. b3 fxe4 15. Ng5
exd4 16. Bxd4 h6 17. Ngxe4 Bf5 18. Rad1 Rd8 19. Be3 Kh7 20. c5 Nc8 21. Bf4 g5
22. Bxd6 Nexd6 23. cxd6 Nxd6 24. Nxd6 Bxc3 25. Qxc3 Rxd6 26. Qc4 Rxd1 27. Rxd1
Rf7 28. a5 Qe7 29. Qd4 Qe6 30. Bf1 Rd7 31. Qxd7+ Qxd7 32. Rxd7+ Bxd7 33. f4
gxf4 34. gxf4 Kg6 35. Kf2 Kf5 36. Ke3 Be6 37. b4 Bb3 38. Bd3+ Kf6 39. Kd4 Ke6
40. Bc4+ Bxc4 41. Kxc4 Kf5 42. Kc5 Kxf4 43. Kb6 Kg3 44. Kxb7 Kxh3 45. Kxc6 Kg2
46. b5 h5 47. b6 h4 48. b7 h3 49. b8=Q h2 50. Qxh2+ Kxh2 1-0

[Event "March of Kings"]
[Site "Calgary CAN"]
[Date "2010.03.06"]
[Round "1.3"]
[White "Viminitz, Paul"]
[Black "Nguyen, Kim"]
[Result "0-1"]
[WhiteElo "1610"]
[BlackElo "2158"]
[PlyCount "62"]
[EventDate "2010.03.06"]
[EventType "swiss"]
[EventRounds "5"]
[EventCountry "CAN"]

1. Nf3 Nf6 2. c4 g6 3. b3 Bg7 4. Bb2 O-O 5. g3 d6 6. Bg2 e5 7. d3 Re8 8. Nc3
Nc6 9. O-O Bf5 10. Nd2 Qd7 11. Nce4 Rad8 12. Nxf6+ Bxf6 13. f3 Bg7 14. g4 Be6
15. Qc2 Qe7 16. Ne4 f5 17. Nf2 Qh4 18. h3 h5 19. gxh5 gxh5 20. e3 Rd7 21. Nh1
f4 22. e4 Bxh3 23. Bxh3 Qxh3 24. Rf2 Bf6 25. Rg2+ Rg7 26. Rxg7+ Kxg7 27. Qg2+
Qxg2+ 28. Kxg2 Nb4 29. Nf2 Kh6 30. Kf1 Bh4 31. Rc1 Nxd3 0-1

[Event "March of Kings"]
[Site "Calgary CAN"]
[Date "2010.03.06"]
[Round "1.4"]
[White "Yearwood, Roy"]
[Black "Shi, Diwen"]
[Result "1-0"]
[WhiteElo "2133"]
[BlackElo "1544"]
[PlyCount "66"]
[EventDate "2010.03.06"]
[EventType "swiss"]
[EventRounds "5"]
[EventCountry "CAN"]

1. b4 g6 2. Bb2 Nf6 3. e4 Bg7 4. Nf3 d6 5. d3 O-O 6. Nbd2 a6 7. a4 Nbd7 8. Be2
b6 9. c4 Bb7 10. O-O e5 11. Ne1 Ne8 12. Nc2 f5 13. d4 fxe4 14. d5 Nef6 15. Ne3
a5 16. bxa5 Rxa5 17. Qc2 Nc5 18. Bc3 Ra8 19. Bb4 Qd7 20. a5 Nd3 21. Bxd3 exd3
22. Qxd3 bxa5 23. Bxa5 Nh5 24. Ne4 Nf4 25. Qb3 Rfb8 26. Bc3 Qe8 27. Rxa8 Bxa8
28. Qa2 Bb7 29. Qa7 Qc8 30. Rb1 Ne2+ 31. Kf1 Nc1 32. Ke1 Nd3+ 33. Kd2 Nf4 1-0

[Event "March of Kings"]
[Site "Calgary CAN"]
[Date "2010.03.06"]
[Round "1.5"]
[White "Selebaleng, Nicholas"]
[Black "Perron, Sean"]
[Result "0-1"]
[WhiteElo "1460"]
[BlackElo "2081"]
[PlyCount "124"]
[EventDate "2010.03.06"]
[EventType "swiss"]
[EventRounds "5"]
[EventCountry "CAN"]

1. e4 e6 2. d4 d5 3. exd5 exd5 4. c4 Nf6 5. Nc3 Be7 6. cxd5 Nxd5 7. Bc4 Nb6 8.
Bb3 O-O 9. Nf3 Bg4 10. O-O Nc6 11. Be3 Bf6 12. Ne2 Bxf3 13. gxf3 Qd7 14. Qd2
Rad8 15. Rad1 Qf5 16. f4 Qg4+ 17. Kh1 Qf3+ 18. Kg1 Rd6 19. Ng3 Rfd8 20. Qe2
Qxe2 21. Nxe2 Nxd4 22. Nxd4 Bxd4 23. Bc1 c5 24. Kg2 Kf8 25. Bc2 Nd5 26. a3 a5
27. Kg3 h6 28. h4 h5 29. Be4 Nf6 30. Bf3 b6 31. Kh3 a4 32. f5 Be5 33. Rde1 Bd4
34. Bf4 R6d7 35. Bc6 Ra7 36. Re2 Rc8 37. Bb5 Nd5 38. Bg3 Rd8 39. Rfe1 Kg8 40.
Bc4 Bf6 41. Re8+ Rxe8 42. Rxe8+ Kh7 43. Bxd5 Bxb2 44. Re3 b5 45. Ba2 b4 46.
axb4 cxb4 47. Bb1 f6 48. Bd6 b3 49. Bb4 Rb7 50. Bc3 Bxc3 51. Rxc3 a3 52. Rc1 a2
53. Bxa2 bxa2 54. Ra1 Rb3+ 55. Kg2 Ra3 56. f3 Kg8 57. Kg3 Kf8 58. Kf4 Ra4+ 59.
Ke3 Ke7 60. f4 Kd6 61. Kf3 Kd5 62. Ke3 Kc4 0-1

[Event "March of Kings"]
[Site "Calgary CAN"]
[Date "2010.03.06"]
[Round "1.6"]
[White "Sequillion, Aaron"]
[Black "Orr, Douglas"]
[Result "1-0"]
[WhiteElo "2050"]
[BlackElo "1417"]
[PlyCount "63"]
[EventDate "2010.03.06"]
[EventType "swiss"]
[EventRounds "5"]
[EventCountry "CAN"]

1. e4 e5 2. Nc3 Nc6 3. f4 d6 4. Nf3 Nf6 5. Bb5 Bd7 6. d3 Nd4 7. Bxd7+ Qxd7 8.
Nxd4 exd4 9. Ne2 d5 10. e5 Ng8 11. Nxd4 c5 12. Ne2 Ne7 13. Ng3 Nc6 14. O-O
O-O-O 15. c3 Be7 16. d4 Qc7 17. Be3 Rhg8 18. dxc5 Na5 19. b4 Nc4 20. Bd4 Kb8
21. Qe2 Qc6 22. Nf5 Qe6 23. Nd6 Bxd6 24. cxd6 f5 25. Qf2 b6 26. a4 Rd7 27. b5
Rc8 28. Rad1 g6 29. a5 bxa5 30. b6 axb6 31. Bxb6 Rb7 32. Bc7+ 1-0

[Event "March of Kings"]
[Site "Calgary CAN"]
[Date "2010.03.06"]
[Round "1.7"]
[White "Singh, Krishneel"]
[Black "Kalaydina, Regina Veronicka"]
[Result "0-1"]
[WhiteElo "1184"]
[BlackElo "1923"]
[PlyCount "52"]
[EventDate "2010.03.06"]
[EventType "swiss"]
[EventRounds "5"]
[EventCountry "CAN"]

1. e4 c5 2. Nf3 e6 3. c3 Nc6 4. Bb5 a6 5. Ba4 Nf6 6. e5 Nd5 7. d4 b5 8. Bb3 d6
9. O-O dxe5 10. dxe5 c4 11. Bc2 Be7 12. Nbd2 Qc7 13. Re1 Bb7 14. Ne4 Nxe5 15.
Nxe5 Qxe5 16. Nc5 Qc7 17. Nxe6 fxe6 18. Rxe6 Nf6 19. Bg5 O-O 20. Qe2 Bd8 21.
Re1 Qf7 22. Rd1 Bd5 23. Rd6 Bc7 24. Rxf6 gxf6 25. Rxd5 Qxd5 26. Bxh7+ Kg7 0-1

[Event "March of Kings"]
[Site "Calgary CAN"]
[Date "2010.03.06"]
[Round "1.8"]
[White "Wojtas, Artur"]
[Black "Zhao, Chenxi"]
[Result "1-0"]
[WhiteElo "1908"]
[BlackElo "948"]
[PlyCount "85"]
[EventDate "2010.03.06"]
[EventType "swiss"]
[EventRounds "5"]
[EventCountry "CAN"]

1. e4 e5 2. Nf3 Nc6 3. Bb5 Nf6 4. O-O d6 5. d4 Bd7 6. d5 Nb8 7. Bd3 c6 8. c4
Be7 9. h3 O-O 10. Nc3 h6 11. Be3 a6 12. b4 cxd5 13. cxd5 Qc7 14. Na4 Bxa4 15.
Qxa4 Nbd7 16. Rfc1 Qb8 17. Nd2 b5 18. Qb3 Bd8 19. Rc6 Be7 20. Rac1 Qb7 21. Rc7
Qb8 22. Qa3 Bd8 23. Rc8 Qb7 24. Rxa8 Qxa8 25. Bxb5 Bb6 26. Qxa6 Qxa6 27. Bxa6
Bxe3 28. fxe3 Ra8 29. b5 Nc5 30. Rxc5 dxc5 31. a4 Kf8 32. a5 Ke7 33. Kf2 Kd6
34. Nc4+ Ke7 35. Kf3 Kd8 36. Nxe5 Ke8 37. Nc4 g5 38. Bb7 Rb8 39. Bc6+ Kd8 40.
a6 Kc7 41. a7 Rd8 42. b6+ Kc8 43. a8=R# 1-0

[Event "March of Kings"]
[Site "Calgary CAN"]
[Date "2010.03.06"]
[Round "1.9"]
[White "Ma, Lee"]
[Black "Milne, Arthur"]
[Result "0-1"]
[WhiteElo "688"]
[BlackElo "1877"]
[PlyCount "100"]
[EventDate "2010.03.06"]
[EventType "swiss"]
[EventRounds "5"]
[EventCountry "CAN"]

1. e4 c5 2. Nf3 Nf6 3. Nc3 d5 4. e5 Ne4 5. Nxe4 dxe4 6. Ng5 Qd5 7. f4 exf3 8.
Nxf3 Bg4 9. Bb5+ Nc6 10. h3 Bh5 11. c4 Qe4+ 12. Qe2 Qxe2+ 13. Kxe2 Rc8 14. g4
Bg6 15. d4 cxd4 16. Nxd4 e6 17. Nxc6 bxc6 18. Ba4 Bc5 19. a3 O-O 20. b4 Bd4 21.
Ra2 Bxe5 22. Be3 Rc7 23. Bc5 Rd8 24. Be7 Rxe7 25. Bxc6 Bd3+ 26. Ke3 Bxc4 27.
Ke4 Bxa2 28. Kxe5 Bd5 29. Rc1 Bxc6 30. Rxc6 f6+ 31. Ke4 Kf7 32. b5 Red7 33. b6
axb6 34. Rxb6 Rd3 35. Rb7+ R8d7 36. Rxd7+ Rxd7 37. a4 Ra7 38. h4 Rxa4+ 39. Kf3
e5 40. h5 g6 41. hxg6+ hxg6 42. Kg3 f5 43. gxf5 gxf5 44. Kf3 Ra3+ 45. Ke2 e4
46. Kf2 f4 47. Ke2 Ra2+ 48. Kf1 f3 49. Kg1 e3 50. Kf1 Ra1# 0-1

[Event "March of Kings"]
[Site "Calgary CAN"]
[Date "2010.03.06"]
[Round "2.1"]
[White "Haessel, Dale"]
[Black "Sequillion, Aaron"]
[Result "1-0"]
[WhiteElo "2274"]
[BlackElo "2050"]
[PlyCount "75"]
[EventDate "2010.03.06"]
[EventType "swiss"]
[EventRounds "5"]
[EventCountry "CAN"]

1. d4 Nf6 2. c4 e6 3. g3 Bb4+ 4. Bd2 Qe7 5. Bg2 O-O 6. Nc3 d6 7. Nf3 e5 8. O-O
e4 9. Nxe4 Bxd2 10. Nxf6+ Qxf6 11. Qxd2 Nc6 12. b4 Bg4 13. Rad1 Rfe8 14. b5 Ne7
15. h3 Bd7 16. Ne5 dxe5 17. dxe5 Qxe5 18. Qxd7 Rab8 19. Bxb7 h6 20. Bf3 Rbd8
21. Qxd8 Rxd8 22. Rxd8+ Kh7 23. Rfd1 h5 24. Re8 h4 25. Rd7 Qa1+ 26. Kg2 Ng6 27.
Rxf7 hxg3 28. fxg3 Qxa2 29. Rxc7 Qc2 30. Rc5 Nf4+ 31. Kh2 Qd2 32. Rc7 Qe1 33.
Be4+ Kh6 34. Rh8+ Kg5 35. Rc5+ Kf6 36. Rf8+ Ke7 37. Rxf4 Qxe2+ 38. Bg2 1-0

[Event "March of Kings"]
[Site "Calgary CAN"]
[Date "2010.03.06"]
[Round "2.2"]
[White "Perron, Sean"]
[Black "Kaminski, Thomas"]
[Result "1/2-1/2"]
[WhiteElo "2081"]
[BlackElo "2226"]
[PlyCount "70"]
[EventDate "2010.03.06"]
[EventType "swiss"]
[EventRounds "5"]
[EventCountry "CAN"]

1. e4 e5 2. Nf3 Nc6 3. d4 exd4 4. Nxd4 Nf6 5. Nxc6 bxc6 6. e5 Nd5 7. c4 Nb6 8.
Bd3 Bb4+ 9. Nd2 d5 10. O-O Bxd2 11. Bxd2 Nxc4 12. Bb4 Nxb2 13. Qc2 Nxd3 14.
Qxd3 a5 15. Ba3 Ba6 16. Qc3 Bb5 17. Rad1 Qd7 18. Rfe1 a4 19. Bc5 Qe6 20. Rd4
Kd7 21. h3 h5 22. f4 Qf5 23. e6+ fxe6 24. Rde4 dxe4 25. Qxg7+ Kc8 26. Qxh8+ Kb7
27. Qd4 Qxf4 28. Qxe4 Qg5 29. Bf2 Rg8 30. g3 Qd2 31. Qxe6 Rf8 32. Qe3 Qxe3 33.
Bxe3 Bc4 34. a3 Rf3 35. Kh2 Bd5 1/2-1/2

[Event "March of Kings"]
[Site "Calgary CAN"]
[Date "2010.03.06"]
[Round "2.3"]
[White "Nguyen, Kim"]
[Black "Wojtas, Artur"]
[Result "1-0"]
[WhiteElo "2158"]
[BlackElo "1908"]
[PlyCount "61"]
[EventDate "2010.03.06"]
[EventType "swiss"]
[EventRounds "5"]
[EventCountry "CAN"]

1. e4 c5 2. Nf3 Nc6 3. d4 cxd4 4. Nxd4 g6 5. Nc3 Bg7 6. Be3 Nf6 7. Be2 O-O 8.
f4 Qb6 9. Nxc6 Qxe3 10. Nxe7+ Kh8 11. Qd2 Qxd2+ 12. Kxd2 Re8 13. Nxc8 Raxc8 14.
e5 Ng8 15. Ne4 Re7 16. Bf3 b6 17. Rhe1 f6 18. Nd6 Rf8 19. exf6 Bxf6 20. c3 Kg7
21. Bd5 Nh6 22. Ne4 Rfe8 23. g3 Nf5 24. g4 Bh4 25. gxf5 Bxe1+ 26. Rxe1 gxf5 27.
Rg1+ Kh6 28. Nf6 Re2+ 29. Kd3 R8e3+ 30. Kd4 Rh3 31. Bf7 1-0

[Event "March of Kings"]
[Site "Calgary CAN"]
[Date "2010.03.06"]
[Round "2.4"]
[White "Kalaydina, Regina Veronicka"]
[Black "Yearwood, Roy"]
[Result "0-1"]
[WhiteElo "1923"]
[BlackElo "2133"]
[PlyCount "50"]
[EventDate "2010.03.06"]
[EventType "swiss"]
[EventRounds "5"]
[EventCountry "CAN"]

1. d4 g6 2. c4 d6 3. e4 e5 4. d5 Nf6 5. Nc3 Bg7 6. Be2 O-O 7. Bg5 c6 8. Nf3 h6
9. Bh4 g5 10. Bg3 cxd5 11. cxd5 Qb6 12. Qd2 Bd7 13. O-O Na6 14. Ne1 Rac8 15.
Nd3 Rxc3 16. Qxc3 Nxe4 17. Qc2 Rc8 18. Qd1 f5 19. Bf3 Nxg3 20. hxg3 e4 21. Ne1
exf3 22. Nxf3 Nc5 23. Rc1 Qxb2 24. Rb1 Qxa2 25. Nd4 Qxd5 0-1

[Event "March of Kings"]
[Site "Calgary CAN"]
[Date "2010.03.06"]
[Round "2.5"]
[White "Milne, Arthur"]
[Black "Holstrom, Phil"]
[Result "1/2-1/2"]
[WhiteElo "1877"]
[BlackElo "1777"]
[PlyCount "68"]
[EventDate "2010.03.06"]
[EventType "swiss"]
[EventRounds "5"]
[EventCountry "CAN"]

1. c4 Nf6 2. g3 d6 3. Nf3 e5 4. d4 e4 5. Ng5 h6 6. Nh3 c6 7. Nc3 Be7 8. Bg2 d5
9. cxd5 cxd5 10. O-O O-O 11. e3 Bg4 12. Qb3 Qc8 13. Nf4 Be6 14. Nfxd5 Qd7 15.
Nxe7+ Qxe7 16. d5 Bg4 17. h3 Bf5 18. Bd2 Qd7 19. g4 Bg6 20. f4 exf3 21. Bxf3 h5
22. Qa4 Qd6 23. Qf4 Qb6 24. b3 hxg4 25. hxg4 Nbd7 26. Na4 Qb5 27. Qd4 Rfe8 28.
Nc3 Qa6 29. Be2 Qd6 30. Rf4 Ne5 31. e4 a6 32. Na4 Nxe4 33. Kg2 Nc6 34. Qe3 Nxd2
1/2-1/2

[Event "March of Kings"]
[Site "Calgary CAN"]
[Date "2010.03.06"]
[Round "2.6"]
[White "Scholtz, Mike"]
[Black "Todd, Adie"]
[Result "1/2-1/2"]
[WhiteElo "1400"]
[BlackElo "1692"]
[PlyCount "51"]
[EventDate "2010.03.06"]
[EventType "swiss"]
[EventRounds "5"]
[EventCountry "CAN"]

1. Nf3 d5 2. d4 Nf6 3. Nc3 Bf5 4. e3 e6 5. a3 c5 6. Bb5+ Nc6 7. O-O Bd6 8. Re1
O-O 9. Bxc6 bxc6 10. Nh4 Be4 11. g3 e5 12. dxc5 Bxc5 13. Nxe4 Nxe4 14. Qg4 Qf6
15. Rf1 Qg5 16. h3 Qxg4 17. hxg4 Nf6 18. b4 Bb6 19. g5 Ne4 20. Nf3 Rfe8 21. Bb2
Bc7 22. Rad1 f6 23. gxf6 Nxf6 24. Kg2 Ng4 25. Rh1 Rf8 26. Rdf1 1/2-1/2

[Event "March of Kings"]
[Site "Calgary CAN"]
[Date "2010.03.06"]
[Round "2.7"]
[White "Orr, Douglas"]
[Black "Razzaq, Ali"]
[Result "0-1"]
[WhiteElo "1417"]
[BlackElo "1836"]
[PlyCount "84"]
[EventDate "2010.03.06"]
[EventType "swiss"]
[EventRounds "5"]
[EventCountry "CAN"]

1. e4 c6 2. d4 d5 3. exd5 cxd5 4. Nf3 Nf6 5. Nc3 Nc6 6. Bf4 Bg4 7. Be2 e6 8.
O-O Bxf3 9. Bxf3 Qb6 10. Ne2 Be7 11. Qd3 O-O 12. Qb3 Rfc8 13. c3 Na5 14. Qxb6
axb6 15. b3 b5 16. Rfc1 Ba3 17. Rc2 b4 18. Bd6 Rc6 19. Be7 Re8 20. Bxf6 gxf6
21. c4 Rc7 22. c5 Rec8 23. Nc1 Nc6 24. Ne2 Nb8 25. Nf4 b6 26. Nh5 bxc5 27. Rxc5
Nd7 28. Rxc7 Rxc7 29. Re1 Rc2 30. Bxd5 exd5 31. Re8+ Nf8 32. Nxf6+ Kg7 33. Nh5+
Kh6 34. g4 Ne6 35. Nf6 Bb2 36. Ng8+ Kg5 37. Ne7 Nf4 38. Rg8+ Kh4 39. Nf5+ Kh3
40. Ne3 Rc1+ 41. Nf1 Ne2+ 42. Kh1 Rxf1# 0-1

[Event "March of Kings"]
[Site "Calgary CAN"]
[Date "2010.03.06"]
[Round "2.8"]
[White "Persaud, Hemant"]
[Black "Singh, Krishneel"]
[Result "1-0"]
[WhiteElo "1734"]
[BlackElo "1184"]
[PlyCount "67"]
[EventDate "2010.03.06"]
[EventType "swiss"]
[EventRounds "5"]
[EventCountry "CAN"]

1. d4 Nf6 2. c4 c5 3. d5 b5 4. Nf3 Qb6 5. cxb5 a6 6. Qc2 e6 7. dxe6 fxe6 8. e3
d5 9. a4 a5 10. b3 Bd6 11. Bb2 Nbd7 12. g4 e5 13. g5 Ne4 14. Bd3 Bb7 15. Bxe4
dxe4 16. Nfd2 O-O 17. Nxe4 Rad8 18. Nbd2 Bc7 19. O-O-O Qe6 20. h4 Bd5 21. Rhg1
Bb6 22. Nc4 Bc7 23. Ned2 Rxf2 24. e4 Bb7 25. Qc3 Rf4 26. Nxa5 Bxa5 27. Qxa5
Rdf8 28. Qc7 Bc8 29. Rge1 Qb6 30. Qxb6 Nxb6 31. Bxe5 Rxh4 32. a5 Rf2 33. axb6
Bg4 34. Nc4 1-0

[Event "March of Kings"]
[Site "Calgary CAN"]
[Date "2010.03.06"]
[Round "2.10"]
[White "Ma, Lee"]
[Black "Selebaleng, Nicholas"]
[Result "0-1"]
[WhiteElo "668"]
[BlackElo "1460"]
[PlyCount "118"]
[EventDate "2010.03.06"]
[EventType "swiss"]
[EventRounds "5"]
[EventCountry "CAN"]

1. e4 d5 2. exd5 Qxd5 3. Nc3 Qa5 4. Nf3 Nf6 5. d4 c6 6. Bf4 Bg4 7. Bc4 Nbd7 8.
O-O Qb4 9. Bb3 Bxf3 10. Qxf3 Qxd4 11. Rad1 Qb6 12. Be3 Qc7 13. Rfe1 e6 14. Bf4
Qc8 15. Ne4 Nxe4 16. Rxe4 Nf6 17. Red4 Be7 18. Bd6 Bxd6 19. Rxd6 O-O 20. R6d3
Qc7 21. Qh3 Rad8 22. c3 Rxd3 23. Rxd3 Rd8 24. Rxd8+ Qxd8 25. Qe3 b6 26. Qd4
Qxd4 27. cxd4 Kf8 28. Kf1 Ke7 29. f4 Ne4 30. Ke2 Kd6 31. Bc2 f5 32. Ke3 Nf6 33.
g3 Ng4+ 34. Kf3 Nxh2+ 35. Kg2 Ng4 36. Bd1 Ne3+ 37. Kf2 Nxd1+ 38. Ke1 Nxb2 39.
Kd2 Kd5 40. Kc3 Nc4 41. a4 a6 42. Kd3 b5 43. axb5 cxb5 44. Kc3 a5 45. Kb3 Kxd4
46. Kc2 h6 47. Kb3 g5 48. fxg5 hxg5 49. Kc2 f4 50. gxf4 gxf4 51. Kd1 a4 52. Ke2
a3 53. Kf3 e5 54. Kf2 a2 55. Kf3 a1=Q 56. Kg4 Ke4 57. Kg5 Qa6 58. Kg4 Qg6+ 59.
Kh3 Qg3# 0-1

[Event "March of Kings"]
[Site "Calgary CAN"]
[Date "2010.03.06"]
[Round "3.2"]
[White "Sequillion, Aaron"]
[Black "Milne, Arthur"]
[Result "1/2-1/2"]
[WhiteElo "2050"]
[BlackElo "1877"]
[PlyCount "115"]
[EventDate "2010.03.06"]
[EventType "swiss"]
[EventRounds "5"]
[EventCountry "CAN"]

1. e4 d5 2. exd5 Nf6 3. Bb5+ Bd7 4. Bc4 Bg4 5. Nf3 Nxd5 6. O-O e6 7. d4 Be7 8.
Re1 O-O 9. h3 Bh5 10. Nc3 c6 11. Ne4 Nd7 12. Be2 Bg6 13. Ng3 Nb4 14. Bd3 Nxd3
15. cxd3 Nb6 16. Be3 Nd5 17. a3 a5 18. Rc1 Qb6 19. Qd2 Rfd8 20. h4 h6 21. h5
Bh7 22. Ne5 Nxe3 23. fxe3 Bf6 24. Ng4 Bg5 25. Qe2 Bh4 26. Qf3 Qc7 27. Kh2 Bxd3
28. Ne5 Bh7 29. Rf1 f6 30. Ng6 Bxg6 31. hxg6 Rd5 32. Qf4 Bxg3+ 33. Kxg3 Qxf4+
34. Rxf4 Rg5+ 35. Rg4 Rxg4+ 36. Kxg4 Kf8 37. Kf4 Ke7 38. g4 Kd6 39. Ke4 Ra6 40.
Rc5 b6 41. Rc2 Ra8 42. b3 Rd8 43. Rd2 Kc7 44. g5 hxg5 45. Rh2 Kd6 46. Rh7 Rg8
47. b4 axb4 48. axb4 f5+ 49. Kd3 Ke7 50. Rh1 Rc8 51. Rc1 b5 52. e4 Kf6 53. exf5
Kxf5 54. Re1 Re8 55. Rc1 Rc8 56. Re1 Rd8 57. Re5+ Kxg6 58. Re1 1/2-1/2

[Event "March of Kings"]
[Site "Calgary CAN"]
[Date "2010.03.06"]
[Round "3.3"]
[White "Todd, Adie"]
[Black "Kalaydina, Regina Veronicka"]
[Result "0-1"]
[WhiteElo "1692"]
[BlackElo "1923"]
[PlyCount "110"]
[EventDate "2010.03.06"]
[EventType "swiss"]
[EventRounds "5"]
[EventCountry "CAN"]

1. d4 d5 2. c4 c6 3. cxd5 cxd5 4. Nc3 e6 5. Bf4 Qb6 6. Qd2 Nf6 7. e3 Be7 8. Nf3
Nc6 9. a3 Bd7 10. Bd3 Na5 11. Qe2 Nb3 12. Rb1 Rc8 13. O-O O-O 14. Bb5 a6 15.
Bxd7 Nxd7 16. Qd3 Qc6 17. Nd2 Nxd2 18. Qxd2 Nb6 19. Rfc1 Nc4 20. Qe2 b5 21. Na2
Qb6 22. Nb4 Rfe8 23. h3 Bf8 24. Kh1 f6 25. Bh2 a5 26. Na2 Rc6 27. Rc2 Rec8 28.
Rbc1 e5 29. dxe5 fxe5 30. b3 Nxa3 31. Rxc6 Rxc6 32. Rxc6 Qxc6 33. Bxe5 b4 34.
Qd2 Nb5 35. Nc1 Bd6 36. Bxd6 Qxd6 37. Nd3 Nc3 38. Nf4 Qe5 39. Nd3 Ne4 40. Qc2
Qc3 41. Qxc3 bxc3 42. Kg1 Nd2 43. Nc1 Kf7 44. f3 Ke6 45. Kf2 Ke5 46. Nd3+ Kd6
47. Nc1 Kc5 48. Na2 c2 49. Nc1 Kb4 50. Nd3+ Kc3 51. Ke2 Nxb3 52. e4 c1=Q 53.
Nxc1 Nxc1+ 54. Kf1 dxe4 55. fxe4 Nd3 0-1

[Event "March of Kings"]
[Site "Calgary CAN"]
[Date "2010.03.06"]
[Round "3.4"]
[White "Wojtas, Artur"]
[Black "Persaud, Hemant"]
[Result "1-0"]
[WhiteElo "1908"]
[BlackElo "1754"]
[PlyCount "87"]
[EventDate "2010.03.06"]
[EventType "swiss"]
[EventRounds "5"]
[EventCountry "CAN"]

1. e4 e5 2. Nf3 Nc6 3. Bb5 a6 4. Bxc6 dxc6 5. O-O Bd6 6. d4 exd4 7. Qxd4 f6 8.
Nbd2 Bg4 9. h3 Bxf3 10. Nxf3 Ne7 11. Re1 Ng6 12. Qc4 Qe7 13. Be3 O-O-O 14. a4
Rhe8 15. Bd4 Ne5 16. Bxe5 Bxe5 17. c3 Qe6 18. Qxe6+ Rxe6 19. g3 Rde8 20. Kf1
Bd6 21. Nd2 b6 22. h4 Kb7 23. Re2 b5 24. f4 h5 25. b3 c5 26. c4 c6 27. Kf2 Bc7
28. Re3 b4 29. Rd3 Rd8 30. Rxd8 Bxd8 31. Ke2 Kc7 32. Rd1 Rd6 33. Nf3 Rxd1 34.
Kxd1 Kd7 35. Ke2 Ke6 36. Ke3 a5 37. f5+ Kd6 38. Ne1 Bc7 39. Nd3 Ke7 40. Kf3 Bd6
41. g4 hxg4+ 42. Kxg4 Kf7 43. Nf4 Be7 44. Ne6 1-0

[Event "March of Kings"]
[Site "Calgary CAN"]
[Date "2010.03.06"]
[Round "3.5"]
[White "Selebaleng, Nicholas"]
[Black "MacFie, Bob"]
[Result "1-0"]
[WhiteElo "1460"]
[BlackElo "1814"]
[PlyCount "33"]
[EventDate "2010.03.06"]
[EventType "swiss"]
[EventRounds "5"]
[EventCountry "CAN"]

1. d4 d5 2. c4 Nc6 3. e3 e5 4. dxe5 d4 5. exd4 Qxd4 6. Qxd4 Nxd4 7. Bd3 Bg4 8.
f3 Be6 9. Ne2 O-O-O 10. Nxd4 Rxd4 11. Be2 Ne7 12. Be3 Rd7 13. O-O Nf5 14. Bf2
Nd4 15. Bxd4 Rxd4 16. b3 Rd2 17. Nxd2 1-0

[Event "March of Kings"]
[Site "Calgary CAN"]
[Date "2010.03.06"]
[Round "3.6"]
[White "Holstrom, Phil"]
[Black "Scholtz, Mike"]
[Result "1-0"]
[WhiteElo "1777"]
[BlackElo "1400"]
[PlyCount "85"]
[EventDate "2010.03.06"]
[EventType "swiss"]
[EventRounds "5"]
[EventCountry "CAN"]

1. e4 Nc6 2. g3 e5 3. Bg2 d6 4. c3 Bd7 5. d4 h6 6. Ne2 Qf6 7. O-O g5 8. b4
O-O-O 9. d5 Nb8 10. Be3 Bb5 11. a4 Bc4 12. Nd2 Bd3 13. Nb3 c6 14. Qxd3 Ne7 15.
Bxa7 Rd7 16. Bh3 h5 17. Bxd7+ Nxd7 18. dxc6 Nxc6 19. Be3 h4 20. b5 Qf3 21. Nd2
Qg4 22. bxc6 bxc6 23. Qa6+ Kd8 24. Bb6+ Ke7 25. f3 Qh3 26. Rf2 hxg3 27. Nxg3 g4
28. fxg4 Qxg4 29. Qc8 Bg7 30. Qxc6 Bh6 31. Raf1 Bf4 32. Rg2 Rxh2 33. Nf5+ Qxf5
34. exf5 Rxg2+ 35. Qxg2 Nxb6 36. a5 Be3+ 37. Kh1 Nd7 38. Nc4 Bc5 39. Qb7 f6 40.
Nb6 Bxb6 41. axb6 d5 42. Rg1 Kd6 43. Qc7+ 1-0

[Event "March of Kings"]
[Site "Calgary CAN"]
[Date "2010.03.06"]
[Round "3.7"]
[White "Shi, Diwen"]
[Black "Zhao, Chenxi"]
[Result "1-0"]
[WhiteElo "948"]
[BlackElo "1554"]
[PlyCount "63"]
[EventDate "2010.03.06"]
[EventType "swiss"]
[EventRounds "5"]
[EventCountry "CAN"]

1. c4 c6 2. Nc3 d5 3. cxd5 cxd5 4. d4 Nf6 5. Bf4 Nc6 6. Nf3 Bf5 7. g3 e6 8. Bg2
Bd6 9. Ne5 Ne4 10. O-O Nxc3 11. bxc3 Qc7 12. Qb3 O-O 13. Nd3 Bxf4 14. Nxf4 Rab8
15. Nd3 b6 16. Rfc1 Na5 17. Qa4 Nc4 18. Nb4 Qb7 19. Nc6 b5 20. Qxa7 Qxc6 21.
Qe7 Qd6 22. Qxd6 Nxd6 23. a4 bxa4 24. Rxa4 Nc4 25. e4 Nb2 26. Ra2 Bxe4 27. Bxe4
dxe4 28. c4 Rfc8 29. c5 Rc6 30. Rb1 e5 31. Rbxb2 Rxb2 32. Ra8+ 1-0

[Event "March of Kings"]
[Site "Calgary CAN"]
[Date "2010.03.06"]
[Round "3.8"]
[White "Singh, Krishneel"]
[Black "Ma, Lee"]
[Result "1-0"]
[WhiteElo "1184"]
[BlackElo "668"]
[PlyCount "85"]
[EventDate "2010.03.06"]
[EventType "swiss"]
[EventRounds "5"]
[EventCountry "CAN"]

1. e4 c6 2. d4 d5 3. exd5 cxd5 4. c4 Nf6 5. Nc3 Bf5 6. Nf3 Nc6 7. a3 dxc4 8.
Bxc4 e6 9. O-O Bd6 10. Be3 O-O 11. Qd2 Ne4 12. Nxe4 Bxe4 13. Ng5 h6 14. Nxe4
Bc7 15. Rad1 Qh4 16. Ng3 f5 17. f4 Ba5 18. Qf2 Rfe8 19. Ne2 Qe7 20. Nc3 a6 21.
b4 Bb6 22. d5 Bxe3 23. Qxe3 exd5 24. Bxd5+ Kh8 25. Qxe7 Nxe7 26. Bxb7 Ra7 27.
Bf3 Rc7 28. Nd5 Nxd5 29. Rxd5 g6 30. Rfd1 Rcc8 31. Ra5 Rcd8 32. Rxd8 Rxd8 33.
Rxa6 Rg8 34. Ra8 Rxa8 35. Bxa8 g5 36. b5 gxf4 37. b6 Kg7 38. b7 Kg6 39. b8=Q
Kg5 40. Qe5 Kg4 41. Bf3+ Kg5 42. Qg7+ Kh4 43. Qf6# 1-0